Представление документа в формате MARC21

Поле Инд. ПП Название Значение
Тип записи a
Библиографический уровень m
001 Контрольный номер DU/601574429
005 Дата корректировки 20250403101516.1
008 Кодируемые данные 20190123
022 0_ a ISSN 0040-3601
041 0_ a Код языка текста rus
084 a Индекс другой классификации/Индекс ББК 75
090 a Полочн. индекс 95.2+75
099 a Индекс 70966
245 10 a Заглавие Теория и практика физической культуры
n Номер части/ раздела №1/2019
b Продолж. заглавия ежемесячный научно-теоретический журнал
c Ответственность гл. ред. Л. Лубышева
260 c Дата издания 2019
b Издательство Теория и практика физической культуры
a Место издания Москва
300 a Объем 104 с.
500 a Примечание Журнал
530 a Примеч. о доп. формах оглавление
650 14 a Основная рубрика спорт
a Основная рубрика туризм
a Основная рубрика физическая культура
653 0_ a Ключевые слова BTL-маркетинг
a Ключевые слова PR
a Ключевые слова анализ крови
a Ключевые слова анаэробный процесс
a Ключевые слова биомеханические основы
a Ключевые слова вариабельность кардиоритма
a Ключевые слова воспитательный процесс
a Ключевые слова восстановительная медицина
a Ключевые слова восстановление
a Ключевые слова гемостаз
a Ключевые слова гипоксия
a Ключевые слова гликолиз
a Ключевые слова гольф
a Ключевые слова двигательная активность
a Ключевые слова допинг-контроль
a Ключевые слова жировая ткань
a Ключевые слова игровая деятельность
a Ключевые слова инверсии
a Ключевые слова индивидуализация
a Ключевые слова инклюзивные процессы
a Ключевые слова интернет-ресурсы
a Ключевые слова кикбоксинг
a Ключевые слова китайская медицина
a Ключевые слова кластерный подход
a Ключевые слова климатические условия
a Ключевые слова коммуникационный маркетинг
a Ключевые слова компонентный состав
a Ключевые слова костная ткань
a Ключевые слова липопротеиды
a Ключевые слова лыжная подготовка
a Ключевые слова магнитотерапия
a Ключевые слова методика подготовки
a Ключевые слова минерализация
a Ключевые слова мониторинг
a Ключевые слова мотивация
a Ключевые слова мышечная ткань
a Ключевые слова научные школы
a Ключевые слова обратная связь
a Ключевые слова организационные способности
a Ключевые слова оценка рисков
a Ключевые слова парасимпатические влияния
a Ключевые слова профессионально-прикладная физическая подготовка (ППФП)
a Ключевые слова психодиагностика
a Ключевые слова психология спорта
a Ключевые слова психолого-педагогические методы
a Ключевые слова психомоторное развитие
a Ключевые слова психоэмоциональный стресс
a Ключевые слова пульс
a Ключевые слова реабилитация
a Ключевые слова русский язык как иностранный
a Ключевые слова сердечно-сосудистая система
a Ключевые слова сердечный ритм
a Ключевые слова симпатические влияния
a Ключевые слова системные инновации
a Ключевые слова соревновательная деятельность
a Ключевые слова спортивная деятельность
a Ключевые слова спортивные танцы
a Ключевые слова спортивный менеджмент
a Ключевые слова спортизация
a Ключевые слова спортсмены
a Ключевые слова температура кожи
a Ключевые слова темпы роста
a Ключевые слова тепловая адаптацияъ
a Ключевые слова терморегуляция
a Ключевые слова транскраниальная электростимуляция (ТЭС)
a Ключевые слова тренировочный процесс
a Ключевые слова тяжелая атлетика
a Ключевые слова углеводный обмен
a Ключевые слова управление
a Ключевые слова управление спортом
a Ключевые слова физиология спорта
a Ключевые слова физическая нагрузка
a Ключевые слова физическое воспитание
a Ключевые слова физкультурное образование
a Ключевые слова физкультурно-спортивный комплекс
a Ключевые слова финансовая устойчивость
a Ключевые слова функционирование организации
a Ключевые слова футбол
a Ключевые слова футболисты
a Ключевые слова хоккей с мячом
a Ключевые слова холестерин
a Ключевые слова художественная гимнастика
a Ключевые слова экстремальные условия
a Ключевые слова электрокардиограмма (ЭКГ)
a Ключевые слова эндомассаж
773 08 w Контрольный № источника RU/IS/BASE/412430062
900 a Имя электронного ресурса P_teoriyu_prak_fiz_kul_1_19
x Справочная информация оглавление
901 t Тип документа s
952 a Тип литературы для КСУ ВШ НПЖ
991 s 6